[Event "Monarch Assurance Isle of Man 10th"]
[Site "Port Erin IOM"]
[Date "2001.10.04"]
[Round "6.23"]
[White "Bousbouras, Spyridon"]
[Black "Coathup, Roger"]
[Result "1/2-1/2"]
[WhiteElo "2102"]
[BlackElo "2130"]
[PlyCount "81"]
[EventDate "2001.09.29"]
[EventType "swiss"]
[EventRounds "9"]
[EventCountry "IOM"]
[SourceTitle "BritBase"]
[SourceDate "2008.07.14"]
[SourceVersion "1"]
[SourceVersionDate "2008.07.14"]
[SourceQuality "2"]

1. e4 c5 2. c3 Nf6 3. e5 Nd5 4. d4 cxd4 5. Nf3 e6 6. cxd4 b6 7. Bg5 Be7 8. Qd2
Bxg5 9. Nxg5 O-O 10. Bd3 h6 11. Ne4 Ba6 12. O-O Bxd3 13. Qxd3 Nc6 14. Nbc3 Nce7
15. f4 f6 16. Nd6 Nxc3 17. bxc3 Nc8 18. d5 Nxd6 19. exd6 e5 20. fxe5 fxe5 21.
Qe3 Qg5 22. Qxg5 hxg5 23. Rxf8+ Rxf8 24. Re1 Rc8 25. Rxe5 Rxc3 26. Kf2 Ra3 27.
Re8+ Kf7 28. Re7+ Kf6 29. Rxd7 Rxa2+ 30. Ke3 Ke5 31. Rxg7 Ra3+ 32. Kf2 Kxd6 33.
Rxg5 Rd3 34. h4 Rxd5 35. Rxd5+ Kxd5 36. h5 Ke5 37. h6 Kf6 38. g4 a5 39. g5+ Kg6
40. Ke3 a4 41. Kd3 1/2-1/2

[Event "Monarch Assurance Isle of Man 10th"]
[Site "Port Erin IOM"]
[Date "2001.10.04"]
[Round "6.24"]
[White "Allen, Keith"]
[Black "Stuart, E Leslie"]
[Result "1-0"]
[WhiteElo "2289"]
[BlackElo "2039"]
[PlyCount "73"]
[EventDate "2001.09.29"]
[EventType "swiss"]
[EventRounds "9"]
[EventCountry "IOM"]
[SourceTitle "BritBase"]
[SourceDate "2008.07.14"]
[SourceVersion "1"]
[SourceVersionDate "2008.07.14"]
[SourceQuality "2"]

1. d4 e6 2. g3 c5 3. Nf3 Nc6 4. Bg2 Bd6 5. O-O Nge7 6. Nc3 cxd4 7. Nxd4 Nxd4 8.
Qxd4 Nf5 9. Qd3 Bb8 10. b3 O-O 11. Ba3 Ne7 12. Rad1 f5 13. e4 f4 14. Nb5 Be5
15. Nd6 Bxd6 16. Bxd6 Ng6 17. Bxf8 Qxf8 18. Rfe1 Ne5 19. Qc3 Qf6 20. gxf4 Qxf4
21. Qg3 g5 22. Re3 b6 23. Qxf4 gxf4 24. Rh3 Kg7 25. Rh5 Nf7 26. e5 Rb8 27. Be4
h6 28. f3 d5 29. exd6 Bd7 30. Kf2 Ng5 31. c4 Rd8 32. b4 Ba4 33. Rd2 Rc8 34. c5
bxc5 35. bxc5 Rxc5 36. d7 Nxe4+ 37. fxe4 1-0

[Event "Monarch Assurance Isle of Man 10th"]
[Site "Port Erin IOM"]
[Date "2001.10.04"]
[Round "6.25"]
[White "Ellison, D George"]
[Black "Van Kemenade, Rudy"]
[Result "1/2-1/2"]
[WhiteElo "2104"]
[BlackElo "1992"]
[PlyCount "55"]
[EventDate "2001.09.29"]
[EventType "swiss"]
[EventRounds "9"]
[EventCountry "IOM"]
[SourceTitle "BritBase"]
[SourceDate "2008.07.14"]
[SourceVersion "1"]
[SourceVersionDate "2008.07.14"]
[SourceQuality "2"]

1. c4 f5 2. Nc3 Nf6 3. g3 g6 4. Bg2 Bg7 5. d3 d6 6. e4 Nc6 7. Nge2 O-O 8. O-O
h6 9. h3 e6 10. exf5 gxf5 11. d4 e5 12. Be3 Qe8 13. dxe5 dxe5 14. Bc5 Rf7 15.
Nd5 Nd8 16. Nxf6+ Bxf6 17. Qd2 Kh7 18. Be3 Rd7 19. Qc2 Qg6 20. Kh2 Rg7 21. Bf3
Kh8 22. Rg1 Ne6 23. g4 Ng5 24. Bxg5 hxg5 25. Ng3 e4 26. gxf5 Bxf5 27. Bxe4 Bxe4
28. Qxe4 1/2-1/2

[Event "Monarch Assurance Isle of Man 10th"]
[Site "Port Erin IOM"]
[Date "2001.10.04"]
[Round "6.26"]
[White "Spanton, Tim"]
[Black "Lutton, J Ezra"]
[Result "0-1"]
[WhiteElo "2051"]
[BlackElo "2093"]
[PlyCount "56"]
[EventDate "2001.09.29"]
[EventType "swiss"]
[EventRounds "9"]
[EventCountry "IOM"]
[SourceTitle "BritBase"]
[SourceDate "2008.07.14"]
[SourceVersion "1"]
[SourceVersionDate "2008.07.14"]
[SourceQuality "2"]

1. c4 e5 2. g3 Nc6 3. Bg2 f5 4. Nc3 Nf6 5. d3 Be7 6. e4 d6 7. Nge2 O-O 8. O-O
Qe8 9. Nd5 Bd8 10. f4 Qh5 11. Nxf6+ Rxf6 12. Nc3 Qg6 13. Nd5 Rf8 14. Be3 Ne7
15. Qe2 h5 16. Bf3 Nxd5 17. cxd5 fxe4 18. Bxh5 exd3 19. Bxg6 dxe2 20. Rf2 exf4
21. Bxf4 Bg4 22. Kg2 Bf6 23. Bd2 Bxb2 24. Re1 Rxf2+ 25. Kxf2 Bd4+ 26. Kg2 Rf8
27. Be4 Rf2+ 28. Kh1 Bh3 0-1

[Event "Monarch Assurance Isle of Man 10th"]
[Site "Port Erin IOM"]
[Date "2001.10.04"]
[Round "6.27"]
[White "Nicholson, John"]
[Black "Benson, Paul"]
[Result "1/2-1/2"]
[WhiteElo "1865"]
[BlackElo "2046"]
[PlyCount "53"]
[EventDate "2001.09.29"]
[EventType "swiss"]
[EventRounds "9"]
[EventCountry "IOM"]
[SourceTitle "BritBase"]
[SourceDate "2008.07.14"]
[SourceVersion "1"]
[SourceVersionDate "2008.07.14"]
[SourceQuality "2"]

1. e4 e6 2. d4 d5 3. e5 c5 4. c3 Bd7 5. Nf3 Nc6 6. a3 Nge7 7. Bd3 Rc8 8. Be3
cxd4 9. cxd4 Qb6 10. b4 g6 11. O-O Bg7 12. Qd2 O-O 13. Nc3 f6 14. Rfe1 Qd8 15.
exf6 Rxf6 16. Ne5 Nxe5 17. dxe5 Rf7 18. f4 Nc6 19. Ne2 g5 20. g3 gxf4 21. gxf4
Nxe5 22. fxe5 Bxe5 23. Ng3 Qh4 24. Bg5 Qd4+ 25. Be3 Qh4 26. Bg5 Qd4+ 27. Be3
1/2-1/2

[Event "Monarch Assurance Isle of Man 10th"]
[Site "Port Erin IOM"]
[Date "2001.10.04"]
[Round "6.28"]
[White "Waugh, Jonathon C"]
[Black "Dossett, Chris"]
[Result "1/2-1/2"]
[WhiteElo "1672"]
[BlackElo "1768"]
[PlyCount "78"]
[EventDate "2001.09.29"]
[EventType "swiss"]
[EventRounds "9"]
[EventCountry "IOM"]
[SourceTitle "BritBase"]
[SourceDate "2008.07.14"]
[SourceVersion "1"]
[SourceVersionDate "2008.07.14"]
[SourceQuality "2"]

1. e4 c5 2. Nf3 d6 3. d4 cxd4 4. Nxd4 Nf6 5. Nc3 a6 6. Be2 b5 7. Bf3 e5 8. Nb3
Bb7 9. a3 Be7 10. O-O O-O 11. Be3 Nbd7 12. Qd2 Qc7 13. Rfd1 Rac8 14. Rac1 Rfd8
15. Nd5 Nxd5 16. exd5 Nf6 17. Bg5 e4 18. Bxf6 Bxf6 19. Bxe4 Bxb2 20. Rb1 Bc3
21. Qd3 g6 22. h4 Re8 23. h5 Qc4 24. Bf3 Re5 25. hxg6 hxg6 26. g3 a5 27. Qxc4
Rxc4 28. Nd2 Bxd2 29. Rxb5 Rxc2 30. Rxb7 Re1+ 31. Kg2 Rxd1 32. Bxd1 Ra2 33. Rb3
Kg7 34. Rf3 Ra1 35. Bc2 Bc1 36. a4 Ra3 37. Rxa3 Bxa3 38. f4 Kf6 39. Kf3 g5
1/2-1/2

[Event "Monarch Assurance Isle of Man 10th"]
[Site "Port Erin IOM"]
[Date "2001.10.05"]
[Round "7.1"]
[White "Baburin, Alexander"]
[Black "Yakovich, Yuri"]
[Result "1/2-1/2"]
[WhiteElo "2584"]
[BlackElo "2577"]
[PlyCount "83"]
[EventDate "2001.09.29"]
[EventType "swiss"]
[EventRounds "9"]
[EventCountry "IOM"]
[SourceTitle "BritBase"]
[SourceDate "2008.07.14"]
[SourceVersion "1"]
[SourceVersionDate "2008.07.14"]
[SourceQuality "2"]

1. d4 d5 2. c4 dxc4 3. e3 e6 4. Bxc4 c5 5. Nf3 a6 6. O-O Nf6 7. dxc5 Qxd1 8.
Rxd1 Bxc5 9. Nbd2 O-O 10. Be2 Rd8 11. b3 b6 12. Bb2 Bb7 13. Nc4 Rxd1+ 14. Rxd1
Nbd7 15. Nfe5 Nxe5 16. Bxe5 Bd5 17. Bf3 Rc8 18. Bxf6 Bxf3 19. Rd8+ Rxd8 20.
Bxd8 Bd5 21. Bxb6 Bxc4 22. Bxc5 Bd3 23. f3 f6 24. Kf2 Kf7 25. e4 e5 26. Ke3 Bf1
27. g4 g6 28. a4 Ke6 29. b4 h5 30. gxh5 gxh5 31. f4 exf4+ 32. Kxf4 Bc4 33. Bd4
Kf7 34. Ke3 Be6 35. b5 axb5 36. axb5 Bd7 37. b6 Bc6 38. Bc3 Ke6 39. Kd4 Bb7 40.
Bd2 Ba8 41. Bf4 Bb7 42. h4 1/2-1/2

[Event "Monarch Assurance Isle of Man 10th"]
[Site "Port Erin IOM"]
[Date "2001.10.05"]
[Round "7.2"]
[White "Ulibin, Mikhail"]
[Black "Kiriakov, Petr"]
[Result "1/2-1/2"]
[WhiteElo "2583"]
[BlackElo "2548"]
[PlyCount "45"]
[EventDate "2001.09.29"]
[EventType "swiss"]
[EventRounds "9"]
[EventCountry "IOM"]
[SourceTitle "BritBase"]
[SourceDate "2008.07.14"]
[SourceVersion "1"]
[SourceVersionDate "2008.07.14"]
[SourceQuality "2"]

1. e4 e6 2. d4 d5 3. Nc3 Nf6 4. e5 Nfd7 5. f4 c5 6. Nf3 Nc6 7. Be3 cxd4 8. Nxd4
Bc5 9. Qd2 Bxd4 10. Bxd4 Nxd4 11. Qxd4 Qb6 12. Qxb6 Nxb6 13. Nb5 Ke7 14. O-O-O
Bd7 15. Nd4 Na4 16. Be2 h5 17. g3 Nc5 18. Bf3 g6 19. h3 Rac8 20. b3 Na6 21. Kb2
Nb8 22. a4 Nc6 23. h4 1/2-1/2

[Event "Monarch Assurance Isle of Man 10th"]
[Site "Port Erin IOM"]
[Date "2001.10.05"]
[Round "7.4"]
[White "Stocek, Jiri"]
[Black "Galkin, Alexander"]
[Result "1/2-1/2"]
[WhiteElo "2530"]
[BlackElo "2583"]
[PlyCount "53"]
[EventDate "2001.09.29"]
[EventType "swiss"]
[EventRounds "9"]
[EventCountry "IOM"]
[SourceTitle "BritBase"]
[SourceDate "2008.07.14"]
[SourceVersion "1"]
[SourceVersionDate "2008.07.14"]
[SourceQuality "2"]

1. e4 c6 2. d4 d5 3. exd5 cxd5 4. c4 Nf6 5. Nc3 e6 6. Nf3 Be7 7. cxd5 Nxd5 8.
Bc4 Nc6 9. O-O O-O 10. Re1 a6 11. Qe2 Nf6 12. Be3 b5 13. Bb3 Na5 14. Bc2 Bb7
15. Rad1 Rc8 16. Bg5 Nc4 17. Bxf6 Bxf6 18. Be4 Qb6 19. Ne5 Rc7 20. Bxb7 Qxb7
21. Ne4 Be7 22. Rd3 Rfc8 23. h4 Qd5 24. Nc3 Qd6 25. Ne4 Qd5 26. Nc3 Qd6 27. Ne4
1/2-1/2

[Event "Monarch Assurance Isle of Man 10th"]
[Site "Port Erin IOM"]
[Date "2001.10.05"]
[Round "7.5"]
[White "Hebden, Mark"]
[Black "Gormally, Daniel W"]
[Result "1/2-1/2"]
[WhiteElo "2559"]
[BlackElo "2481"]
[PlyCount "109"]
[EventDate "2001.09.29"]
[EventType "swiss"]
[EventRounds "9"]
[EventCountry "IOM"]
[SourceTitle "BritBase"]
[SourceDate "2008.07.14"]
[SourceVersion "1"]
[SourceVersionDate "2008.07.14"]
[SourceQuality "2"]

1. e4 c5 2. Nf3 d6 3. d4 cxd4 4. Nxd4 Nf6 5. Nc3 a6 6. Bg5 e6 7. f4 Nc6 8. e5
h6 9. Bh4 g5 10. fxg5 Nd5 11. Nxd5 exd5 12. Nxc6 bxc6 13. exd6 hxg5 14. Bg3
Bxd6 15. Qf3 Qe7+ 16. Be2 Bxg3+ 17. Qxg3 Qb4+ 18. c3 Qh4 19. O-O-O Qxg3 20.
hxg3 Rg8 21. c4 Be6 22. cxd5 cxd5 23. Bf3 O-O-O 24. Rd4 Rd6 25. Kd2 Kd7 26. Rc1
Ke7 27. g4 Kf6 28. b3 Rb8 29. Rc5 Ke5 30. Re4+ Kf6 31. Ra4 Rbb6 32. Kc3 Ke5 33.
Re4+ Kf6 34. Re1 Rd8 35. g3 Rdd6 36. Re2 Rd8 37. Kb2 Rbd6 38. b4 Rh8 39. a3 Rh3
40. Rg2 Ke5 41. Rc3 f5 42. Re3+ Kf6 43. gxf5 Bxf5 44. Re8 Bg6 45. Rg8 Ke5 46.
Kb3 Kd4 47. Ka4 Rh6 48. Ka5 Ke3 49. Bg4 Be4 50. Rb2 Kd4 51. Rxg5 Rhg6 52. Rxg6
Rxg6 53. Bc8 Rxg3 54. Ra2 Kc3 55. Bxa6 1/2-1/2

[Event "Monarch Assurance Isle of Man 10th"]
[Site "Port Erin IOM"]
[Date "2001.10.05"]
[Round "7.6"]
[White "Brodsky, Michail"]
[Black "Shaw, John"]
[Result "1/2-1/2"]
[WhiteElo "2528"]
[BlackElo "2478"]
[PlyCount "59"]
[EventDate "2001.09.29"]
[EventType "swiss"]
[EventRounds "9"]
[EventCountry "IOM"]
[SourceTitle "BritBase"]
[SourceDate "2008.07.14"]
[SourceVersion "1"]
[SourceVersionDate "2008.07.14"]
[SourceQuality "2"]

1. e4 c5 2. Nf3 Nc6 3. d4 cxd4 4. Nxd4 e5 5. Nb5 d6 6. a4 Be6 7. N1c3 a6 8. Na3
Rc8 9. Bc4 Nb4 10. Nd5 Nxd5 11. Bxd5 Bxd5 12. Qxd5 Qc7 13. O-O Nf6 14. Qd3 Qc6
15. Re1 Qxa4 16. c3 Be7 17. Bg5 O-O 18. Bxf6 Bxf6 19. Nc2 Qd7 20. Nb4 Rfd8 21.
Nd5 Qe6 22. b4 Bg5 23. Reb1 g6 24. b5 axb5 25. Rxb5 Rb8 26. Ra7 Rd7 27. Nb6 Rc7
28. Nd5 Rd7 29. Nb6 Rc7 30. Nd5 1/2-1/2

[Event "Monarch Assurance Isle of Man 10th"]
[Site "Port Erin IOM"]
[Date "2001.10.05"]
[Round "7.7"]
[White "Cherniaev, Alexander"]
[Black "Flear, Glenn"]
[Result "1-0"]
[WhiteElo "2437"]
[BlackElo "2489"]
[PlyCount "93"]
[EventDate "2001.09.29"]
[EventType "swiss"]
[EventRounds "9"]
[EventCountry "IOM"]
[SourceTitle "BritBase"]
[SourceDate "2008.07.14"]
[SourceVersion "1"]
[SourceVersionDate "2008.07.14"]
[SourceQuality "2"]

1. e4 e5 2. Nf3 Nc6 3. Bb5 a6 4. Ba4 Nf6 5. d3 d6 6. c3 g6 7. Nbd2 Bd7 8. Nf1
Bg7 9. Ng3 O-O 10. O-O Re8 11. h3 Qe7 12. Re1 Na5 13. d4 exd4 14. cxd4 Bxa4 15.
Qxa4 Nc6 16. Bd2 Nd7 17. Qc4 Nb6 18. Qd3 Qf8 19. d5 Ne5 20. Nxe5 Bxe5 21. Rac1
Rac8 22. b3 Nd7 23. f4 Bg7 24. Be3 h5 25. Bf2 Bh6 26. Qf3 Qe7 27. Rcd1 Qf6 28.
Ne2 Qe7 29. Nc3 Qf6 30. g3 h4 31. Bd4 Qe7 32. e5 hxg3 33. e6 Nf8 34. f5 gxf5
35. Qxf5 fxe6 36. dxe6 Qh7 37. Qg4+ Qg6 38. e7 Qxg4 39. exf8=Q+ Rxf8 40. hxg4
Rce8 41. Kg2 c5 42. Rxe8 Rxe8 43. Bf6 Re6 44. Rf1 Bd2 45. Nd5 Be1 46. Kf3 Bf2
47. Rh1 1-0

[Event "Monarch Assurance Isle of Man 10th"]
[Site "Port Erin IOM"]
[Date "2001.10.05"]
[Round "7.8"]
[White "Arakhamia-Grant, Ketevan"]
[Black "Lalic, Bogdan"]
[Result "0-1"]
[WhiteElo "2446"]
[BlackElo "2528"]
[PlyCount "92"]
[EventDate "2001.09.29"]
[EventType "swiss"]
[EventRounds "9"]
[EventCountry "IOM"]
[SourceTitle "BritBase"]
[SourceDate "2008.07.14"]
[SourceVersion "1"]
[SourceVersionDate "2008.07.14"]
[SourceQuality "2"]

1. e4 e5 2. Nf3 Nc6 3. Bb5 a6 4. Ba4 Nf6 5. O-O Be7 6. Re1 b5 7. Bb3 O-O 8. d3
d6 9. c3 Nb8 10. Nbd2 Nbd7 11. Nf1 Nc5 12. Bc2 Re8 13. d4 Ncd7 14. Ng3 Bb7 15.
b3 Bf8 16. d5 c6 17. c4 Qc7 18. Bd2 Rec8 19. Rc1 bxc4 20. bxc4 a5 21. Nf5 cxd5
22. cxd5 Qd8 23. h3 Nc5 24. Nh2 Rcb8 25. f4 Bc8 26. fxe5 dxe5 27. Qf3 Bxf5 28.
Qxf5 Rb2 29. Bc3 Rxa2 30. Bb1 Ra3 31. Bxe5 a4 32. Rf1 Qd7 33. Qf4 Nh5 34. Qh4
f6 35. Bc3 Nb3 36. Rc2 Qe8 37. Ng4 Bc5+ {(=)} 38. Kh1 Nd4 39. Bxd4 Bxd4 40. Rf3
Ra1 41. Rf1 Qb8 42. Qxh5 Rxb1 43. Rcc1 Rxc1 44. Rxc1 a3 45. e5 a2 46. exf6 Qf4
0-1

[Event "Monarch Assurance Isle of Man 10th"]
[Site "Port Erin IOM"]
[Date "2001.10.05"]
[Round "7.9"]
[White "Kirsanov, Oleg"]
[Black "Gallagher, Joseph"]
[Result "0-1"]
[WhiteElo "2365"]
[BlackElo "2516"]
[PlyCount "84"]
[EventDate "2001.09.29"]
[EventType "swiss"]
[EventRounds "9"]
[EventCountry "IOM"]
[SourceTitle "BritBase"]
[SourceDate "2008.07.14"]
[SourceVersion "1"]
[SourceVersionDate "2008.07.14"]
[SourceQuality "2"]

1. d4 Nf6 2. c4 g6 3. Nc3 Bg7 4. e4 d6 5. Nf3 O-O 6. Be2 e5 7. O-O Nc6 8. d5
Ne7 9. b4 a5 10. Ba3 b6 11. bxa5 Rxa5 12. Bb4 Ra8 13. a4 Re8 14. a5 c5 15. dxc6
Nxc6 16. Bxd6 Nd4 17. Nxd4 exd4 18. Nb5 Nxe4 19. Bc7 Qh4 20. Bf3 Rxa5 21. Rxa5
bxa5 22. Bxe4 Rxe4 23. Nd6 Bg4 24. Qb3 Re2 25. c5 Qe7 26. Bxa5 h5 27. h3 Be6
28. Qb8+ Kh7 29. Bd8 Qd7 30. Bg5 Bd5 31. Qb6 Qe6 32. Qb4 Qe5 33. Bc1 h4 34. Qa3
Re1 35. Qd3 Rxc1 36. Rxc1 Qg5 37. Qf1 Bxg2 38. f4 Qg3 39. Qxg2 Qe3+ 40. Kh2
Qxf4+ 41. Kg1 Qxc1+ 42. Kh2 Be5+ 0-1

[Event "Monarch Assurance Isle of Man 10th"]
[Site "Port Erin IOM"]
[Date "2001.10.05"]
[Round "7.10"]
[White "Collins, Sam IRL"]
[Black "Hillarp Persson, Tiger"]
[Result "1-0"]
[WhiteElo "2194"]
[BlackElo "2438"]
[PlyCount "85"]
[EventDate "2001.09.29"]
[EventType "swiss"]
[EventRounds "9"]
[EventCountry "IOM"]
[SourceTitle "BritBase"]
[SourceDate "2008.07.14"]
[SourceVersion "1"]
[SourceVersionDate "2008.07.14"]
[SourceQuality "2"]

1. e4 g6 2. d4 Bg7 3. Nc3 d6 4. Be3 a6 5. Qd2 Nd7 6. Nf3 b5 7. Bd3 Bb7 8. a4 b4
9. Ne2 c5 10. Ng3 Ngf6 11. Bh6 Bxh6 12. Qxh6 cxd4 13. O-O Qb6 14. Ng5 Rc8 15.
a5 Qa7 16. Rae1 b3 17. cxb3 Ne5 18. Bc4 Nxc4 19. bxc4 Rxc4 20. e5 dxe5 21. Rxe5
Nd7 22. Rxe7+ Kxe7 23. Re1+ Kd6 24. Nxf7+ Kc5 25. Qg5+ Kb4 26. Qd2+ Kb5 27.
Nd6+ Kc5 28. Nxc4 Kxc4 29. b3+ Kd5 30. Qg5+ Kd6 31. Qf4+ Kc6 32. Rc1+ Kb5 33.
Ne2 Rc8 34. Qg5+ Kb4 35. Qd2+ Kb5 36. Qd3+ Kb4 37. Qd2+ Kb5 38. Rxc8 Bxc8 39.
Nxd4+ Kc5 40. b4+ Kc4 41. Qe2+ Kc3 42. Qe3+ Kc4 43. Qb3+ 1-0

[Event "Monarch Assurance Isle of Man 10th"]
[Site "Port Erin IOM"]
[Date "2001.10.05"]
[Round "7.11"]
[White "McNab, Colin"]
[Black "Hanley, Craig A"]
[Result "1/2-1/2"]
[WhiteElo "2437"]
[BlackElo "2278"]
[PlyCount "108"]
[EventDate "2001.09.29"]
[EventType "swiss"]
[EventRounds "9"]
[EventCountry "IOM"]
[SourceTitle "BritBase"]
[SourceDate "2008.07.14"]
[SourceVersion "1"]
[SourceVersionDate "2008.07.14"]
[SourceQuality "2"]

1. c4 c5 2. Nf3 Nc6 3. g3 g6 4. Bg2 Bg7 5. Nc3 d6 6. O-O e5 7. d3 Nge7 8. Bg5
f6 9. Bd2 Be6 10. Ne1 Rb8 11. a3 a6 12. Nc2 b5 13. cxb5 axb5 14. b4 O-O 15. Rb1
c4 16. dxc4 Bxc4 17. Ne3 d5 18. Nxc4 dxc4 19. a4 bxa4 20. b5 Nd4 21. Qxa4 Nxb5
{(=)} 22. Rxb5 Rxb5 23. Qxb5 Qxd2 24. Qxc4+ Kh8 25. Rd1 Qb2 26. Qc7 Nf5 27. Rd8
Qc1+ 28. Bf1 h5 29. Rxf8+ Bxf8 30. Qf7 Bg7 31. Nd5 Qg5 32. e3 h4 33. f4 exf4
34. exf4 Qg4 35. Nxf6 Bxf6 36. Qxf6+ Kh7 37. Qf7+ Kh8 38. Qe8+ Kh7 39. Be2 Ng7
40. Qe7 Qh3 41. g4 Kg8 42. Qd8+ Kh7 43. Qd3 Qxd3 44. Bxd3 Ne6 45. f5 Ng5 46.
fxg6+ Kg7 47. Kf2 Kf6 48. Ke3 Ne6 49. Be4 Ng5 50. Kd4 Ne6+ 51. Kd5 Ng5 52. g7
Kxg7 53. Ke5 Kh6 54. Kf5 Nh3 1/2-1/2

[Event "Monarch Assurance Isle of Man 10th"]
[Site "Port Erin IOM"]
[Date "2001.10.05"]
[Round "7.12"]
[White "Ryan, Joseph"]
[Black "Afek, Yochanan"]
[Result "0-1"]
[WhiteElo "2305"]
[BlackElo "2381"]
[PlyCount "54"]
[EventDate "2001.09.29"]
[EventType "swiss"]
[EventRounds "9"]
[EventCountry "IOM"]
[SourceTitle "BritBase"]
[SourceDate "2008.07.14"]
[SourceVersion "1"]
[SourceVersionDate "2008.07.14"]
[SourceQuality "2"]

1. d4 d5 2. c4 dxc4 3. Nf3 c5 4. e3 cxd4 5. Bxc4 d3 6. Nc3 e6 7. O-O Nf6 8. e4
Nc6 9. e5 Nd7 10. Re1 Nb4 11. Ng5 Be7 12. Nxf7 Kxf7 13. Bxe6+ Ke8 14. Qf3 Qb6
15. Qf7+ Kd8 16. Be3 Nc5 17. Bc4 Qg6 18. Qxe7+ Kxe7 19. Bxc5+ Ke8 20. Bxb4 Bh3
21. Bd5 Rd8 22. Be4 Bf5 23. Bxb7 Qb6 24. Be4 d2 25. Red1 Qxb4 26. Bxf5 Qxb2 27.
Ne4 Qxa1 0-1

[Event "Monarch Assurance Isle of Man 10th"]
[Site "Port Erin IOM"]
[Date "2001.10.05"]
[Round "7.13"]
[White "Bisby, Daniel"]
[Black "Sowray, Peter J"]
[Result "1-0"]
[WhiteElo "2285"]
[BlackElo "2334"]
[PlyCount "83"]
[EventDate "2001.09.29"]
[EventType "swiss"]
[EventRounds "9"]
[EventCountry "IOM"]
[SourceTitle "BritBase"]
[SourceDate "2008.07.14"]
[SourceVersion "1"]
[SourceVersionDate "2008.07.14"]
[SourceQuality "2"]

1. e4 c5 2. Nc3 d6 3. g3 g6 4. Bg2 Bg7 5. d3 Nc6 6. Be3 Rb8 7. Qd2 b5 8. Nge2
Nd4 9. O-O b4 10. Nd1 Nxe2+ 11. Qxe2 Nf6 12. h3 O-O 13. f4 a5 14. g4 Bb7 15. a3
Nd7 16. axb4 axb4 17. Rc1 Ra8 18. b3 Ra2 19. h4 Qa8 20. Bh3 Nb8 21. g5 Nc6 22.
f5 Nd4 23. Bxd4 Bxd4+ 24. Nf2 c4 25. bxc4 b3 26. Kg2 b2 27. Rb1 Ra1 28. Ng4
Rxb1 29. Rxb1 Qa2 30. Qf1 Bc6 31. h5 Ba4 32. f6 exf6 33. e5 f5 34. Nh6+ Kh8 35.
Bxf5 Bxe5 36. Be4 f5 37. hxg6 Bxc2 38. Nf7+ Kg7 39. Qh1 hxg6 40. Bd5 Rxf7 41.
Qh6+ Kg8 42. Qxg6+ 1-0

[Event "Monarch Assurance Isle of Man 10th"]
[Site "Port Erin IOM"]
[Date "2001.10.05"]
[Round "7.14"]
[White "Crouch, Colin"]
[Black "Isherwood, Paul"]
[Result "1-0"]
[WhiteElo "2407"]
[BlackElo "2172"]
[PlyCount "75"]
[EventDate "2001.09.29"]
[EventType "swiss"]
[EventRounds "9"]
[EventCountry "IOM"]
[SourceTitle "BritBase"]
[SourceDate "2008.07.14"]
[SourceVersion "1"]
[SourceVersionDate "2008.07.14"]
[SourceQuality "2"]

1. d4 d5 2. Nf3 Nf6 3. c4 dxc4 4. e3 a6 5. Bxc4 e6 6. O-O c5 7. Bb3 Nc6 8. Qe2
Qc7 9. Nc3 Bd6 10. Rd1 O-O 11. h3 b6 12. d5 exd5 13. Nxd5 Nxd5 14. Bxd5 Bb7 15.
Ng5 Rad8 16. Qh5 h6 17. Ne4 Be7 18. Nc3 Bf6 19. e4 Qe5 20. Qxe5 Bxe5 21. Be3
Rb8 22. Na4 Ba8 23. Rd2 Bc7 24. Rad1 Rfd8 25. f4 c4 26. Nc3 b5 27. Bxf7+ Kxf7
28. Rd7+ Kg8 29. Rxc7 Rxd1+ 30. Nxd1 Nb4 31. Nc3 Rd8 32. Bb6 Re8 33. Bd4 Nd3
34. Rxg7+ Kf8 35. Rh7 Nxf4 36. Rxh6 Nd3 37. Rxa6 b4 38. Nd5 1-0

[Event "Monarch Assurance Isle of Man 10th"]
[Site "Port Erin IOM"]
[Date "2001.10.05"]
[Round "7.15"]
[White "Valenti, Richard"]
[Black "Smith, Andrew P"]
[Result "1/2-1/2"]
[WhiteElo "2143"]
[BlackElo "2234"]
[PlyCount "180"]
[EventDate "2001.09.29"]
[EventType "swiss"]
[EventRounds "9"]
[EventCountry "IOM"]
[SourceTitle "BritBase"]
[SourceDate "2008.07.14"]
[SourceVersion "1"]
[SourceVersionDate "2008.07.14"]
[SourceQuality "2"]

1. e4 c5 2. Nf3 e6 3. d3 Nc6 4. g3 g6 5. Bg2 Bg7 6. O-O Nge7 7. Re1 O-O 8. e5
d6 9. exd6 Nf5 10. Nbd2 Nxd6 11. Nb3 c4 12. dxc4 Nxc4 13. c3 Qxd1 14. Rxd1 Rd8
15. Rxd8+ Nxd8 16. Bf1 Nb6 17. a4 Bd7 18. Nc5 Bc6 19. a5 Nd5 20. Nd4 Bxd4 21.
cxd4 Nb4 22. Be3 Nc2 23. Rc1 Nxe3 24. fxe3 b6 25. axb6 axb6 26. Nd3 Be8 27. Bg2
Rb8 28. Nb4 Bb5 29. Rc7 Kg7 30. g4 g5 31. Kf2 h5 32. gxh5 Kh6 33. Bf3 f5 34. h3
e5 35. dxe5 Ne6 36. Rf7 Rf8 37. Rxf8 Nxf8 38. Nd5 Nd7 39. e6 Nc5 40. e7 Nd3+
41. Kg3 f4+ 42. exf4 gxf4+ 43. Nxf4 Nxb2 44. Nd5 Na4 45. Nc7 Bd7 46. e8=Q Bxe8
47. Nxe8 b5 48. Nd6 Nc3 49. Nf5+ Kh7 50. Nd4 b4 51. Kf4 Kh6 52. Ke3 Na4 53. Nb3
Nb6 54. Kd3 Nd7 55. Kc2 Nf6 56. Nd4 Kg5 57. Ne2 Kh4 58. Bg4 Nxh5 59. Bxh5 Kxh3
60. Kb3 Kh4 61. Be8 Kg4 62. Kxb4 Kf3 63. Nd4+ Ke4 64. Kc5 Ke5 65. Bc6 Kf4 66.
Kd5 Ke3 67. Bb5 Kf4 68. Nc2 Kf5 69. Bd7+ Kf4 70. Kd4 Kf3 71. Bf5 Kf4 72. Be4
Kg5 73. Ke5 Kg4 74. Ne3+ Kg3 75. Nd1 Kg4 76. Bh1 Kg5 77. Ne3 Kg6 78. Bd5 Kg7
79. Kf5 Kh6 80. Kf6 Kh5 81. Be6 Kh4 82. Nf1 Kh5 83. Bf5 Kh4 84. Be6 Kh5 85. Kf5
Kh6 86. Ng3 Kg7 87. Kg5 Kf8 88. Kf6 Ke8 89. Nf5 Kd8 90. Ke5 Kc7 1/2-1/2

[Event "Monarch Assurance Isle of Man 10th"]
[Site "Port Erin IOM"]
[Date "2001.10.05"]
[Round "7.16"]
[White "Simons, Martin"]
[Black "Clark, Stephen P"]
[Result "1/2-1/2"]
[WhiteElo "2215"]
[BlackElo "2112"]
[PlyCount "85"]
[EventDate "2001.09.29"]
[EventType "swiss"]
[EventRounds "9"]
[EventCountry "IOM"]
[SourceTitle "BritBase"]
[SourceDate "2008.07.14"]
[SourceVersion "1"]
[SourceVersionDate "2008.07.14"]
[SourceQuality "2"]

1. e4 c6 2. Nc3 d5 3. d4 dxe4 4. Bc4 Nf6 5. f3 exf3 6. Nxf3 Bg4 7. Bxf7+ Kxf7
8. Ne5+ Ke8 9. Nxg4 Nbd7 10. O-O g6 11. Bg5 Bg7 12. Qf3 Rf8 13. Rae1 Nxg4 14.
Qxg4 Rxf1+ 15. Kxf1 Nf6 16. Qh4 Kf7 17. Re3 Qd7 18. Rf3 Kg8 19. Ne4 Qxd4 20.
Nxf6+ Bxf6 21. Bxf6 Qd1+ 22. Qe1 Qxe1+ {(=)} 23. Kxe1 exf6 24. Rxf6 Re8+ 25.
Kd2 Kg7 26. Rd6 Re7 27. Kd3 Kh6 28. b4 Kg5 29. a4 Kf5 30. c4 Re1 31. Kd2 Re7
32. a5 Ke5 33. Rd3 Rf7 34. Ke3 Re7 35. Kd2 Rf7 {(=)} 36. Ke3 Re7 37. Rd8 a6 38.
Rb8 Rd7 39. Re8+ Kf5 40. Rf8+ Ke5 41. Re8+ Kf5 42. Rf8+ Ke5 43. Re8+ 1/2-1/2